FIFA 22 Versus - Statistics

General Stats
  • This quiz has been taken 73 times
  • The average score is 11 of 15
Answer Stats
Club Position Rating Answer % Correct
Man City ST 89 Gabriel Jesus
94%
Man United LM 88 Marcus Rashford
94%
Real Madrid CM 87 Federico Valverde
86%
Wolves RW 86 Adama Traore
81%
Liverpool CB 86 Joe Gomez
81%
Sevilla CB 87 Jules Kounde
79%
Chelsea LW 87 Christian Pulisic
78%
Napoli CF 86 Dries Mertens
75%
Wolfsburg RB 85 Kevin Mbabu
70%
Borussia Dortmund LB 85 Nico Schulz
70%
Ajax LB 86 Nicolas Tagliafico
67%
Atletico Madrid ST 86 Angel Correa
62%
OGC Nice CAM 84 Alexis Claude-Maurice
57%
Benfica LM 86 Everton Soares
54%
Udinese CM 85 Roberto Pereyra
51%
No matching quizzes found
Score Distribution
Percent of People with Each Score
Percentile by Number Answered
Your Score History
You have not taken this quiz